Vzniká globální občanská společnost? Nestátní aktéři ve světové politice
Širšie teoretické pozadie na ktorom sa štúdium transnacionálnych vzťahov a úloha nevládnych organizácií vo svetovej politike rozvinulo. Koncept globálnej občianskej spoločnosti. Najdôležitejšie teoretické príspevky k štúdiu transnacionálnych vzťahov, ich konštitúcia v medzinárodných vzťahoch a v teó...
Na minha lista:
| Autor principal: | |
|---|---|
| Formato: | Capítulo de Livro |
| Idioma: | tcheco |
| Assuntos: | |
| Tags: |
Sem tags, seja o primeiro a adicionar uma tag!
|
MARC
| LEADER | 00000naa$a2200000$$$4500 | ||
|---|---|---|---|
| 001 | 0002798 | ||
| 005 | 20230927112346.2 | ||
| 041 | 0 | |a cze | |
| 044 | |a CZ | ||
| 245 | 1 | 0 | |a Vzniká globální občanská společnost? Nestátní aktéři ve světové politice |c aut. Ondřej Císař |
| 520 | |a Širšie teoretické pozadie na ktorom sa štúdium transnacionálnych vzťahov a úloha nevládnych organizácií vo svetovej politike rozvinulo. Koncept globálnej občianskej spoločnosti. Najdôležitejšie teoretické príspevky k štúdiu transnacionálnych vzťahov, ich konštitúcia v medzinárodných vzťahoch a v teórii kolektívneho jednania. Definícia pojmu globálna občianska spoločnosť. Hnutie proti globalizácii. Globálna občianska spoločnosť verzus lokálny aktivizmus. | ||
| 610 | 2 | 0 | |a spoločnosť globálna |
| 610 | 2 | 0 | |a spoločnosť občianska |
| 610 | 2 | 0 | |a politika svetová |
| 610 | 2 | 0 | |a organizácie nevládne |
| 610 | 2 | 0 | |a politika medzinárodná |
| 610 | 2 | 0 | |a globalizácia |
| 100 | 1 | |a Císař, Ondřej | |